Nicaragua: economía y revolución I, análisis de los seis primeros meses de ejecución del plan económico de 1980
Guardado en:
| Autor principal: | |
|---|---|
| Formato: | Texto |
| Publicado: |
Managua:
Asociación Nicaraguense de Científicos Sociales
|
| Etiquetas: |
Agregar Etiqueta
Sin Etiquetas, Sea el primero en etiquetar este registro!
|
MARC
| LEADER | 00000 a a2200000 04500 | ||
|---|---|---|---|
| 001 | 21499 | ||
| 003 | |||
| 040 | |a CRAI/IIS |c CRAI/IIS | ||
| 090 | |a 095000 | ||
| 100 | |a Vargas Escobar, Oscar René | ||
| 245 | |a Nicaragua: economía y revolución I, análisis de los seis primeros meses de ejecución del plan económico de 1980 | ||
| 260 | |a Managua: |b Asociación Nicaraguense de Científicos Sociales | ||
| 300 | |a 50 p. | ||
| 999 | |c 10038 |d 10038 | ||
